| 000 | 00974nam a22002297a 4500 | ||
|---|---|---|---|
| 999 |
_c6335 _d6335 |
||
| 001 | 6335 | ||
| 003 | BD-JhCC | ||
| 005 | 20180417085200.0 | ||
| 008 | 180121b xxu||||| |||| 00| 0 eng d | ||
| 035 | _a(BD-JhCC)6335 | ||
| 040 |
_aBD-JhCC _dBD-JhCC |
||
| 041 | _aeng | ||
| 082 |
_a297.1241 _bFOR 1960 |
||
| 100 | _a ফরিদপুরী, মাওলানা শামছুল হক সাহেব | ||
| 245 |
_aবোখারী শরীফ : _bবাংলা তরজমা ও বিস্তারিত ব্যাখ্যা / _cমাওলানা শামছুল হক সাহেব ফরিদপুরী, মাওলানা আজিজুল হক সাহেব |
||
| 260 |
_aঢাকা : _bহামিদিয়া লাইব্রেরী, _c1960. |
||
| 300 |
_a396 p. : _c24 cm. |
||
| 650 | _aHadith | ||
| 700 | _a সাহেব, মাওলানা আজিজুল হক | ||
| 942 |
_2ddc _cBK |
||